[Event "AUT-ch U16"]
[Site "St Veit"]
[Date "2023.04.06"]
[Round "7"]
[White "Pernerstorfer, Leo"]
[Black "Gillhofer, Michael"]
[Result "1/2-1/2"]
[WhiteElo "1518"]
[BlackElo "1556"]
[PlyCount "71"]
[EventDate "2023.04.02"]
[EventType "swiss"]
[EventRounds "7"]
[EventCountry "AUT"]
[SourceTitle "EXT 2024"]
[Source "ChessBase"]
[SourceDate "2023.10.10"]
[SourceVersion "1"]
[SourceVersionDate "2023.10.10"]
[SourceQuality "1"]

1. e4 c6 2. d4 d5 3. Nd2 dxe4 4. Nxe4 Nf6 5. Nxf6+ exf6 6. c3 Bd6 7. Bd3 0-0 8. Nf3 Bg4 9. h3 Be6 10. Qc2 h6 11. Be3 Na6 12. Nd2 Re8 13. 0-0 Nc7 14. Ne4 Nd5 15. Nxd6 Qxd6 16. Bd2 Rac8 17. Rfe1 c5 18. dxc5 Qxc5 19. a3 Red8 20. Rad1 Qc7 21. Be4 Ne7 22. Be3 b6 23. Qc1 Ng6 24. Bxg6 fxg6 25. Rxd8+ Rxd8 26. Bxh6 Kf7 27. Bxg7 Rd5 28. Bh6 g5 29. h4 gxh4 30. Bf4 Qb7 31. Qe3 Qd7 32. Kh2 h3 33. g3 Rd3 34. Qe2 Bg4 35. Qf1 Qd5 36. Be3 1/2-1/2

[Event "AUT-ch U16"]
[Site "St Veit"]
[Date "2023.04.05"]
[Round "6"]
[White "Ganbat, Gan Erdene"]
[Black "Pernerstorfer, Leo"]
[Result "0-1"]
[WhiteElo "1410"]
[BlackElo "1518"]
[PlyCount "98"]
[EventDate "2023.04.02"]
[EventType "swiss"]
[EventRounds "7"]
[EventCountry "AUT"]
[SourceTitle "EXT 2024"]
[Source "ChessBase"]
[SourceDate "2023.10.10"]
[SourceVersion "1"]
[SourceVersionDate "2023.10.10"]
[SourceQuality "1"]

1. e4 e5 2. Nc3 Nc6 3. Bc4 Nf6 4. d3 Bc5 5. f4 d6 6. Na4 Bxg1 7. Rxg1 Na5 8. Bb3 Nxb3 9. axb3 Ng4 10. g3 Nxh2 11. f5 d5 12. Rh1 dxe4 13. Rxh2 exd3 14. Qxd3 Qxd3 15. cxd3 Bxf5 16. Ke2 0-0-0 17. Nc5 b6 18. Ne4 Kb7 19. Be3 Rd7 20. b4 Rhd8 21. Ra3 h6 22. Rh1 Bg4+ 23. Kd2 Bf3 24. Rh4 g5 25. Bxg5 hxg5 26. Nxg5 Bc6 27. Rh7 f6 28. Ne6 Rg8 29. Rh6 Rxg3 30. Rxf6 Rd6 31. Rc3 e4 32. Nd8+ Rxd8 33. Rfxc6 Rgxd3+ 34. Kc2 Rxc3+ 35. Rxc3 Rd4 36. Kb3 Rd7 37. Re3 Re7 38. b5 a6 39. bxa6+ Kxa6 40. Kb4 Kb7 41. Kc4 Kc6 42. Kb3 Kb5 43. Kc3 c5 44. Kb3 Re6 45. Ka3 Kc4 46. b3+ Kd4 47. Re1 e3 48. Kb2 e2 49. Kc2 Ke3 0-1

[Event "AUT-ch U16"]
[Site "St Veit"]
[Date "2023.04.03"]
[Round "3"]
[White "Pernerstorfer, Leo"]
[Black "Winkelbauer, Christian"]
[Result "0-1"]
[WhiteElo "1518"]
[BlackElo "1655"]
[PlyCount "32"]
[EventDate "2023.04.02"]
[EventType "swiss"]
[EventRounds "7"]
[EventCountry "AUT"]
[SourceTitle "EXT 2024"]
[Source "ChessBase"]
[SourceDate "2023.10.10"]
[SourceVersion "1"]
[SourceVersionDate "2023.10.10"]
[SourceQuality "1"]

1. e4 g6 2. d4 Bg7 3. f4 d6 4. Nf3 Nd7 5. c3 a6 6. Bd3 e6 7. Be3 Ne7 8. Nbd2 b5 9. 0-0 Bb7 10. Qc2 c5 11. e5 c4 12. Be2 Nd5 13. Ne4 Nxe3 14. Nxd6+ Kf8 15. Nxb7 Nxc2 16. Nxd8 Rxd8 0-1

[Event "AUT-ch U16"]
[Site "St Veit"]
[Date "2023.04.02"]
[Round "2"]
[White "Stadlinger, Lukas"]
[Black "Pernerstorfer, Leo"]
[Result "1-0"]
[WhiteElo "1725"]
[BlackElo "1518"]
[PlyCount "47"]
[EventDate "2023.04.02"]
[EventType "swiss"]
[EventRounds "7"]
[EventCountry "AUT"]
[SourceTitle "EXT 2024"]
[Source "ChessBase"]
[SourceDate "2023.10.10"]
[SourceVersion "1"]
[SourceVersionDate "2023.10.10"]
[SourceQuality "1"]

1. d4 Nf6 2. Nc3 g6 3. e4 d6 4. Bf4 Bg7 5. Qd2 Nbd7 6. 0-0-0 c5 7. d5 a6 8. Bh6 0-0 9. h4 Ne5 10. f3 Nh5 11. Bxg7 Kxg7 12. g4 Ng3 13. Rh2 Nxf1 14. Rxf1 h6 15. Nh3 b5 16. h5 e6 17. g5 hxg5 18. Nxg5 Rh8 19. h6+ Kf8 20. h7 exd5 21. Nxd5 Bb7 22. f4 Nc4 23. Qc3 f6 24. Nxf6 1-0

[Event "AUT-ch U12 Online Blitz"]
[Site "Playchess.com INT"]
[Date "2020.12.11"]
[Round "5"]
[White "Schwarz, Felix1111"]
[Black "Pernerstorfer, Leo"]
[Result "1-0"]
[WhiteElo "1678"]
[BlackElo "1620"]
[PlyCount "29"]
[EventDate "2020.12.11"]
[EventType "swiss (blitz)"]
[EventRounds "7"]
[EventCountry "AUT"]
[SourceTitle "EXT 2022"]
[Source "ChessBase"]
[SourceDate "2021.10.06"]
[SourceVersion "1"]
[SourceVersionDate "2021.10.06"]
[SourceQuality "1"]

1. Nf3 Nc6 2. e3 e5 3. c4 d6 4. Nc3 Nf6 5. Qc2 Be6 6. d4 exd4 7. exd4 Ne7 8. b3 Ng6 9. Bb2 Be7 10. Bd3 Qd7 11. h3 c6 12. d5 cxd5 13. cxd5 Bxd5 14. Nxd5 Nxd5 15. Bb5 1-0

[Event "AUT-ch U12 Online Blitz"]
[Site "Playchess.com INT"]
[Date "2020.12.11"]
[Round "7"]
[White "Stadlbauer, Maximilian"]
[Black "Pernerstorfer, Leo"]
[Result "1-0"]
[WhiteElo "1671"]
[BlackElo "1620"]
[PlyCount "41"]
[EventDate "2020.12.11"]
[EventType "swiss (blitz)"]
[EventRounds "7"]
[EventCountry "AUT"]
[SourceTitle "EXT 2022"]
[Source "ChessBase"]
[SourceDate "2021.10.06"]
[SourceVersion "1"]
[SourceVersionDate "2021.10.06"]
[SourceQuality "1"]

1. e4 e5 2. Nf3 Nc6 3. Bc4 Bc5 4. Nc3 Nf6 5. d3 d6 6. h3 h6 7. 0-0 Be6 8. Bb3 0-0 9. Na4 Bb6 10. Nxb6 axb6 11. Bxe6 fxe6 12. a3 Ne7 13. Nh2 Ng6 14. Ng4 Nxg4 15. Qxg4 Qf6 16. Be3 b5 17. f3 c6 18. Rf2 d5 19. Raf1 Nf4 20. Bxf4 exf4 21. h4 1-0

[Event "AUT-ch U10"]
[Site "St Kanzian"]
[Date "2018.06.02"]
[Round "5.4"]
[White "Pernerstorfer, Leo"]
[Black "Narankhuu, Gan Erdene"]
[Result "1/2-1/2"]
[WhiteElo "1164"]
[BlackElo "1144"]
[PlyCount "103"]
[EventDate "2018.06.01"]
[EventType "swiss"]
[EventRounds "7"]
[EventCountry "AUT"]
[SourceTitle "EXT 2024"]
[Source "ChessBase"]
[SourceDate "2023.10.10"]
[SourceVersion "1"]
[SourceVersionDate "2023.10.10"]
[SourceQuality "1"]

1. e4 e5 2. Nf3 Nc6 3. Bc4 Bc5 4. Nc3 d6 5. h3 Nf6 6. d3 h6 7. 0-0 Be6 8. Bb3 Qd7 9. Be3 Bb6 10. Qe2 0-0-0 11. Bxb6 axb6 12. Ba4 g5 13. Rfb1 Rdg8 14. Kf1 g4 15. hxg4 Bxg4 16. Ke1 Qe7 17. Bxc6 bxc6 18. a4 Nh5 19. Qe3 Nf4 20. Kf1 Bxf3 21. gxf3 h5 22. Ne2 Nxe2 23. Kxe2 h4 24. Kd2 h3 25. Rh1 h2 26. c3 c5 27. b3 Qe6 28. c4 f5 29. Kc3 f4 30. Qe2 Qh3 31. Raf1 Rg7 32. Qd1 Rg2 33. Qe2 Rhg8 34. Qd1 Qh4 35. Qe1 Qh5 36. Qd1 Rg1 37. Rfxg1 Rxg1 38. Rxg1 hxg1Q 39. Qxg1 Qxf3 40. Qe1 Kb7 41. Qd2 c6 42. Kc2 Ka6 43. Kb2 b5 44. axb5+ cxb5 45. Kc2 bxc4 46. bxc4 Qg4 47. Qd1 Qxd1+ 48. Kxd1 Ka5 49. f3 Kb4 50. Kc2 Ka4 51. Kb2 Kb4 52. Kc2 1/2-1/2

[Event "AUT-ch U10"]
[Site "St Kanzian"]
[Date "2018.06.02"]
[Round "4.4"]
[White "Wohlgenannt, Nicolas"]
[Black "Pernerstorfer, Leo"]
[Result "0-1"]
[WhiteElo "1276"]
[BlackElo "1164"]
[PlyCount "106"]
[EventDate "2018.06.01"]
[EventType "swiss"]
[EventRounds "7"]
[EventCountry "AUT"]
[SourceTitle "EXT 2024"]
[Source "ChessBase"]
[SourceDate "2023.10.10"]
[SourceVersion "1"]
[SourceVersionDate "2023.10.10"]
[SourceQuality "1"]

1. e4 e5 2. Nf3 Nc6 3. d4 exd4 4. Nxd4 Bc5 5. Nb3 Bb6 6. Nc3 Qf6 7. Qe2 Nge7 8. Be3 0-0 9. 0-0-0 d6 10. h4 Be6 11. Nd5 Bxd5 12. exd5 Bxe3+ 13. Qxe3 Nb4 14. Bc4 Nxa2+ 15. Kb1 Nb4 16. c3 Na6 17. Bxa6 bxa6 18. Rd4 Nf5 19. Qf4 Nxd4 20. Qxf6 gxf6 21. Nxd4 Rfe8 22. Rh3 Re1+ 23. Ka2 Kf8 24. Rf3 Kg7 25. Rg3+ Kf8 26. Nc6 Rd1 27. c4 Rc1 28. Kb3 Rh1 29. Rg4 f5 30. Rg3 Rxh4 31. Kb4 Rg4 32. Rxg4 fxg4 33. Ka5 Re8 34. Kxa6 Re2 35. b4 Rxf2 36. Kxa7 Rxg2 37. Kb7 Rb2 38. Kxc7 g3 39. Nd4 Rxb4 40. Kxd6 g2 41. Nf3 Rb3 42. Ng1 Rb1 43. Nh3 g1Q 44. Nxg1 Rxg1 45. c5 Ke8 46. Kc6 h5 47. Kc7 Rd1 48. d6 h4 49. c6 Rxd6 50. Kxd6 Kd8 51. Ke5 h3 52. Kf4 h2 53. Kg3 h1Q 0-1

[Event "AUT-ch U10"]
[Site "St Kanzian"]
[Date "2018.06.01"]
[Round "3.9"]
[White "Pernerstorfer, Leo"]
[Black "Feiertag, Jonas"]
[Result "1-0"]
[WhiteElo "1164"]
[BlackElo "1074"]
[PlyCount "61"]
[EventDate "2018.06.01"]
[EventType "swiss"]
[EventRounds "7"]
[EventCountry "AUT"]
[SourceTitle "EXT 2024"]
[Source "ChessBase"]
[SourceDate "2023.10.10"]
[SourceVersion "1"]
[SourceVersionDate "2023.10.10"]
[SourceQuality "1"]

1. e4 e5 2. Nf3 Nc6 3. Bc4 Bc5 4. d3 Nf6 5. 0-0 d6 6. h3 Be6 7. Bb3 h6 8. Nc3 Qd7 9. Be3 Bb6 10. Qe2 0-0-0 11. Bxb6 axb6 12. Ba4 Qe7 13. Bxc6 bxc6 14. a4 Kb7 15. a5 bxa5 16. Rxa5 Ra8 17. Rfa1 Rxa5 18. Rxa5 Ra8 19. Rxa8 Kxa8 20. d4 exd4 21. Nxd4 Kb7 22. Nxe6 Qxe6 23. Qd3 Qe5 24. f3 Nh5 25. Na4 f5 26. Qb3+ Qb5 27. Qxb5+ cxb5 28. Nc3 fxe4 29. Nxe4 Nf4 30. Kf2 d5 31. Nd2 1-0

[Event "Styrian op U08/10 23nd"]
[Site "Mureck"]
[Date "2016.08.10"]
[Round "8.2"]
[White "Kastelic, Amadej"]
[Black "Pernerstorfer, Leo"]
[Result "1-0"]
[WhiteElo "1187"]
[BlackElo "858"]
[PlyCount "123"]
[EventDate "2016.08.03"]
[EventType "swiss"]
[EventRounds "9"]
[EventCountry "AUT"]
[SourceTitle "EXT 2024"]
[Source "ChessBase"]
[SourceDate "2023.10.10"]
[SourceVersion "1"]
[SourceVersionDate "2023.10.10"]
[SourceQuality "1"]

1. e4 e5 2. Nf3 Nc6 3. Bb5 a6 4. Ba4 Nf6 5. d3 Bc5 6. 0-0 d6 7. c3 b5 8. Bb3 Bg4 9. h3 Bh5 10. Re1 b4 11. d4 Bxf3 12. Qxf3 exd4 13. e5 Nxe5 14. cxd4 Bxd4 15. Qd3 Bc5 16. Bf4 Qe7 17. Bxe5 dxe5 18. Qf5 Bd6 19. Ba4+ Nd7 20. f4 f6 21. Bc6 Rb8 22. Nd2 a5 23. Nc4 Bc5+ 24. Kh1 Bd4 25. Rad1 Rd8 26. Rxd4 Qf7 27. Bxd7+ Rxd7 28. Rxd7 Qxd7 29. Qxd7+ Kxd7 30. fxe5 Re8 31. e6+ Rxe6 32. Rxe6 Kxe6 33. Nxa5 c5 34. Kg1 Kd5 35. Kf2 Kd4 36. Ke2 c4 37. Nc6+ Kd5 38. Nxb4+ Kc5 39. Nc2 g5 40. Ne3 Kd4 41. a4 Kc5 42. a5 Kb5 43. a6 Kxa6 44. Nxc4 Kb5 45. Nd6+ Kb4 46. Ne4 f5 47. Nxg5 Kb3 48. Nxh7 Kxb2 49. Ng5 Kc3 50. h4 Kd4 51. h5 Ke5 52. Nh3 Kf6 53. Nf4 Kg5 54. Kf3 Kh6 55. Ke3 Kg5 56. g3 Kh6 57. Kd4 Kg5 58. Ke5 Kg4 59. h6 Kxg3 60. h7 Kg4 61. h8Q Kg5 62. Qh5# 1-0

[Event "Styrian op U08/10 23nd"]
[Site "Mureck"]
[Date "2016.08.06"]
[Round "4.5"]
[White "Pernerstorfer, Leo"]
[Black "Ebner, Moritz"]
[Result "0-1"]
[WhiteElo "858"]
[BlackElo "929"]
[PlyCount "80"]
[EventDate "2016.08.03"]
[EventType "swiss"]
[EventRounds "9"]
[EventCountry "AUT"]
[SourceTitle "EXT 2024"]
[Source "ChessBase"]
[SourceDate "2023.10.10"]
[SourceVersion "1"]
[SourceVersionDate "2023.10.10"]
[SourceQuality "1"]

1. e4 e5 2. Nf3 Nc6 3. Nc3 Nf6 4. Bc4 Bc5 5. d3 h6 6. h3 d6 7. Be3 Be6 8. Bb3 Bxe3 9. fxe3 0-0 10. 0-0 Qd7 11. Qe2 d5 12. exd5 Nxd5 13. Nxd5 Bxd5 14. e4 Be6 15. Ba4 Qd6 16. Bb3 Nd4 17. Qd2 Qb6 18. Nxe5 Nxb3+ 19. Qf2 Qxf2+ 20. Kxf2 Nxa1 21. Rxa1 f6 22. Ng6 Rfe8 23. Nf4 Rad8 24. Ke3 c5 25. c3 c4 26. d4 g5 27. Nh5 Kf7 28. d5 Bxd5 29. Kf3 Bxe4+ 30. Kf2 Rd2+ 31. Kg3 Rd3+ 32. Kh2 Rd2 33. Rg1 Rd3 34. Ng3 b5 35. b4 Rxc3 36. Ne2 Rc2 37. Re1 Bxg2 38. Kxg2 Rexe2+ 39. Rxe2 Rxe2+ 40. Kf1 Rxa2 0-1

[Event "Styrian op U08/10 22nd"]
[Site "Mureck"]
[Date "2015.08.13"]
[Round "9"]
[White "Pernerstorfer, Leo"]
[Black "Woschitz, Thomas"]
[Result "0-1"]
[WhiteElo "800"]
[BlackElo "1152"]
[PlyCount "36"]
[EventDate "2015.08.05"]
[EventType "swiss"]
[EventRounds "9"]
[EventCountry "AUT"]
[SourceTitle "EXT 2017"]
[Source "ChessBase"]
[SourceDate "2016.10.25"]
[SourceVersion "1"]
[SourceVersionDate "2016.10.25"]
[SourceQuality "1"]

1. e4 e5 2. Nf3 Nc6 3. Bb5 a6 4. Bc4 Bc5 5. Nc3 d6 6. d3 Bg4 7. h3 Bxf3 8. Qxf3 Nf6 9. Bg5 Nd4 10. Qg3 Nxc2+ 11. Kf1 Nxa1 12. Bh4 Qe7 13. Qxg7 0-0-0 14. Bxf6 Qd7 15. Bxd8 Qxd8 16. Qxf7 Qf8 17. Qe6+ Kb8 18. Qd5 Qxf2# 0-1